000 00411nam a22001577a 4500
003 LK-CoDNM
005 20240911134120.0
008 240903b |||||||| |||| 00| 0 eng d
040 _aLK-CoDNM
_dLK-CoDNM
_eLK-CoDNM
041 _hENGLISH
080 _b1768-Vol.18
245 _aThe new encyclopedia Britannica 1768 volume 18
260 _aChicago
_c1768
300 _b883p. : ill , map ; 28 cm
942 _cBK
999 _c150519
_d150519